00000000nam 2200000zi 4500
0019.927944
003CaOODSP
00520241121150415
006m     o  d f      
007cr |n|||||||||
008230919e199111##qucd    ob   f|0| 0 fre d
040 |aCaOODSP|bfre|erda|cCaOODSP
043 |an-cn---
0861 |aCW66-1304/1991F-PDF
1001 |aLehoux, Denis, |eauteur.
24510|aDéveloppement d'une technique d'effarouchement pour éloigner les oiseaux aquatiques d'une nappe de pétrole : |bvolet : simulation sur le terrain / |cpar Denis Lehoux et Luc Bélanger.
264 1|a[Sainte-Foy, Québec] : |bEnvironnement Canada, Service canadien de la faune, |cnovembre 1991.
300 |a1 ressource en ligne (60, [3] pages) : |bgraphiques
336 |atexte|btxt|2rdacontent/fre
337 |ainformatique|bc|2rdamedia/fre
338 |aressource en ligne|bcr|2rdacarrier/fre
500 |aÉdition numérisée de l’imprimé [par Environnement et changement climatique Canada].
504 |aComprend des références bibliographiques (pages 25-26).
650 6|aDéversements de pétrole et faune.
650 6|aGibier d'eau|xEffets des déversements de pétrole sur.
650 6|aEau|xPollution par les hydrocarbures|xAspect de l'environnement.
650 0|aOil spills and wildlife.
650 0|aWaterfowl|xEffect of oil spills on.
650 0|aOil pollution of water|xEnvironmental aspects.
7101 |aCanada. |bEnvironnement Canada, |eorganisme de publication.
7102 |aService canadien de la faune, |eorganisme de publication.
85640|qPDF|s3.65 Mo|uhttps://publications.gc.ca/collections/collection_2024/eccc/cw66/CW66-1304-1991-fra.pdf